000 00505nam a2200181Ia 4500
008 090123s9999 xx 000 0 und d
082 _b15885
100 _aशर्मा गोपाल
245 _aमहाराजा
250 _a0
260 _bपवन पॉकेट बुक्स
300 _a219
600 _aशर्मा गोपाल
630 _aमहाराजा
700 _aशर्मा गोपाल
730 _aमहाराजा
942 _cBOOK
999 _c53946
_d53946